Statistics for Top 20 Most Popular Anime

Click here to take the quiz!

General Stats

  • This quiz has been taken 264 times
  • The average score is 7 of 20

Answer Stats

Answer% Correct
#9Naruto
89%
#2Attack on Titan
70%
#16Bleach
65%
#1Death Note
64%
#20Fullmetal Alchemist
53%
#3Sword Art Online
49%
#8Tokyo Ghoul
42%
#18Fairy Tail
37%
#6Code Geass: Lelouch of the Rebellion R1
36%
#10One Punch Man
33%
#7Steins;Gate
22%
#12No Game No Life
20%
#17Noragami
19%
#5Angel Beats
18%
#14Blue Exorcist
17%
#4Fullmetal Alchemist: Brotherhood
17%
#13Toradora
15%
#11Mirai Nikki
13%
#15Elfen Lied
7%
#19Sword Art Online II
3%

Score Distribution

Percentile by Number Answered

Percent of People with Each Score

Your Score History

You have not taken this quiz